000 00241nam a2200097Ia 4500
008 240331s9999 xx 000 0 und d
082 _bPIN
100 _aPines, A
245 0 _aExperiencing social psychology :
_breadings and projects
942 _cL
999 _c1324
_d1324